| 000 | 00585 a2200193 4500 | ||
|---|---|---|---|
| 020 | _a0-226-06567-7 | ||
| 020 | _a0-226-06568-5 | ||
| 040 |
_aDLC _bDLC |
||
| 100 | 1 | _aBooth, Wayne C. | |
| 245 | 1 | 4 |
_aThe craft of research _cWayne C. Booth, Gregory G. Colomb, Joseph M. Williams |
| 250 | _a2. ed. | ||
| 260 |
_aChicago : _bUniversity of Chicago Press, _c2003 |
||
| 300 | _axv, 329 s. | ||
| 440 | 0 | _aChicago guides to writing, editing, and publishing, | |
| 650 | 7 | _aResearch - Methodology | |
| 700 | 1 | _aColomb, Gregory G. | |
| 700 | 1 | _aWilliams, Joseph M. | |
| 942 |
_cBK _k001.42 BOO _2ddc |
||
| 999 |
_c4146 _d4146 |
||